| 000 | 00394nam a2200157Ia 4500 | ||
|---|---|---|---|
| 008 | 230711s9999||||xx |||||||||||||| ||und|| | ||
| 041 | _aENG | ||
| 082 |
_a5 _bLE-A |
||
| 100 | _aLeigh,Ronald W | ||
| 245 | 0 | _aAutocad : a concise guide to commands | |
| 250 | _a1st | ||
| 260 |
_c1994 _aNew Delhi _bGalgotia Publications Pvt.Ltd |
||
| 300 | _a600 | ||
| 650 | _aComputer Engineering | ||
| 942 | _cBK | ||
| 999 |
_c3368 _d3368 |
||